North American Geese Quiz Stats

 Plays Quiz not verified by Sporcle

Score 0/10 Timer 05:00
0 Plays Today
Goose % Correct
Canada Goose
100%
Greater Snow Goose
85.3%
Lesser Snow Goose
82.4%
Brant
64.7%
Cackling Goose
61.8%
Ross' Goose
52.9%
White-fronted Goose
47.1%
Barnacle Goose
47.1%
Hawaiian 'Nene' Goose
38.2%
Emperor Goose
35.3%

You're not logged in!

Compare scores with friends on all Sporcle quizzes.
OR
Log In

Show Comments

Extras

Top Quizzes Today


Score Distribution

Your Account Isn't Verified!

In order to create a playlist on Sporcle, you need to verify the email address you used during registration. Go to your Sporcle Settings to finish the process.

Report this User

Report this user for behavior that violates our Community Guidelines.

Details: